Statistics for Countries Closest to Indonesia

Click here to take the quiz!

General Stats

  • This quiz has been taken 17,163 times
    (16,912 since last reset)
  • The average score is 17 of 20

Answer Stats

km country miles % Correct
0Malaysia0
97%
146Australia90
96%
600Vietnam373
95%
301Thailand187
95%
1561China970
94%
179India111
94%
1105Laos687
93%
6Singapore4
93%
768Cambodia477
93%
0Papua New Guinea0
92%
168Philippines105
90%
539Myanmar335
89%
0East Timor0
87%
40Brunei25
84%
1475Sri Lanka917
81%
2033Taiwan1263
80%
1719Bangladesh1068
78%
1103F. S. Micronesia685
65%
1701Solomon Islands1057
65%
793Palau482
64%

Score Distribution

Percentile by Number Answered

Percent of People with Each Score

Your Score History

You have not taken this quiz since the last reset